| 000 | 01025 a2200241 4500 | ||
|---|---|---|---|
| 003 | Nust | ||
| 005 | 20230131114704.0 | ||
| 010 | _a 2003023343 | ||
| 020 | _a0415224020 | ||
| 020 | _a0415224039 (pbk.) | ||
| 040 | _cNust | ||
| 082 | 0 | 0 | _a940.53,WOR |
| 245 | 0 | 4 |
_aThe World War Two reader / _cedited by Gordon Martel. |
| 260 |
_aNew York : _bRoutledge, _c2004. |
||
| 300 |
_axxvi, 500 p. : _bill. ; _c26 cm. |
||
| 505 | 0 | _aPart.1 Strategy: Failures, Shocks and Mythologies (Page-1), Part.2 Soldiers: Ideology, Race and Gender (Page-141), Part.3 Home Fronts: People,Places and Politics (Page-273), Part.4 Memories: Victims, Heroes and Controversies (Page-383). | |
| 650 | 0 |
_aWorld War, 1939-1945 _xHistoriography. _9108203 |
|
| 650 | 0 |
_aWorld War, 1939-1945. _928174 |
|
| 700 | 1 |
_aMartel, Gordon. _9108204 |
|
| 856 | 4 | 1 |
_3Publisher description _uhttp://www.loc.gov/catdir/enhancements/fy0650/2003023343-d.html |
| 856 | 4 | 1 |
_3Table of contents only _uhttp://www.loc.gov/catdir/toc/ecip0410/2003023343.html |
| 942 |
_2ddc _cBK |
||
| 999 |
_c187369 _d187369 |
||